Oliver Twist (Registo nº 389)

Detalhes MARC
000 -Etiqueta do registo
Cabeçalho 00820nam0a2200265 4500
005 - Identificador da versão
Campo de controlo 20240821225256.0
010 ## - Número internacional normalizado dos livros (ISBN)
Número (ISBN) 9722217178
021 ## - Número do Depósito Legal
Código do país PT
Número 151762/00
100 ## - Dados gerais de processamento
Dados gerais de processamento 20160310d2000 de y0pory5003 ba
101 1# - Língua de publicação
Língua do texto, banda sonora, etc. Português
Língua do documento no original Inglês
102 ## - Pais de publicação ou produção
País de publicação Portugal
200 1# - Titulo e menção de responsabilidade
Título próprio Oliver Twist
Primeira menção de responsabilidade Charles Dickens
Outras menções de responsabilidade trad. Cabral Nascimento
-- il. Augusto Trigo
210 ## - Publicação, Distribuição, etc. 
Lugar da edição, distribuição, etc. [Lisboa]
Nome do editor, distribuidor, etc. Verbo
Data da publicação, distribuição, etc. D. L. 2000
215 ## - Descrição física 
Indicação específica da natureza do documento e extensão da espécie 216, [7] p.
Outras indicações físicas il
225 2# - Colecção 
Título próprio da colecção O prazer de ler
Nome de uma parte ou secção Clássicos juvenis
Indicação de volume 13
300 ## - Notas gerais 
Texto da nota Plano Nacional de Leitura
606 ## - Nome comum usado como assunto
Número de registo de entrada de autoridade 0002233
Palavra de ordem Literatura inglesa
Subdivisão de assunto Romance
Código do sistema CA
675 ## - Classificação Decimal Universal (CDU)
Notação 821.111-31
Edição 3ª ed.
Língua da edição por
700 ## - Nome de autor-pessoa física (responsabilidade principal)
Número de registo de entrada de autoridade 0000400
Palavra de ordem Dickens
Outra parte do nome não tomada para palavra de ordem Charles
Datas 1812-1870
702 ## - Nome de autor-pessoa física (responsabilidade secundária)
Número de registo de entrada de autoridade 0000401
Palavra de ordem Nascimento
Outra parte do nome não tomada para palavra de ordem Cabral do
Datas 1897-1978
Código de função Tradutor
Número de registo de entrada de autoridade 0000388
Palavra de ordem Trigo
Outra parte do nome não tomada para palavra de ordem Augusto
Datas 1938-
Código de função Ilustrador / Técnico de desenho computorizado
942 ## - Elementos de entrada adicionados (Koha)
Tipo de item no Koha Livro
966 ## - Identificação da Biblioteca
Sigla EB2,3ENM
Exemplares
Situação do levantamento Origin of item (home branch) (coded) Biblioteca de empréstimo Código de barras Cota Circulation type (not for loan) Tipo de documento Nota do exemplar Damaged status
  Biblioteca Escolar Eng. Nuno Mergulhão Biblioteca Escolar Eng. Nuno Mergulhão BENM405 82LE-3 DIC PNL   Livro Sem mensagem